Arbitration and the Brussels Convention: antisuit injunctions (Record no. 66703)
[ view plain ]
| 000 -LEADER | |
|---|---|
| fixed length control field | 01544cam a2200229 4500 |
| 001 - CONTROL NUMBER | |
| control field | ABS63685 |
| 008 - FIXED-LENGTH DATA ELEMENTS--GENERAL INFORMATION | |
| fixed length control field | 000000n2001 000 0 eng u |
| 035 ## - SYSTEM CONTROL NUMBER | |
| System control number | (Sirsi) u111936 |
| 245 ## - TITLE STATEMENT | |
| Title | Arbitration and the Brussels Convention: antisuit injunctions |
| 260 ## - PUBLICATION, DISTRIBUTION, ETC. | |
| Date of publication, distribution, etc. | 2001 |
| 490 ## - SERIES STATEMENT | |
| Series statement | Arbitration Law Monthly |
| Volume/sequential designation | 1(2) March 2001, 3-7(5) |
| 520 ## - SUMMARY, ETC. | |
| Summary, etc. | Where an arbitration clause has cited England as the seat of an arbitration, the English courts will issue an injunction to prevent parties starting judicial proceedings in another jurisdiction. Looks at the question of whether judicial discretion should be exercised in favour of the grant of an injunction, especially where the person to be injuncted resides in the EC. In this situation, jurisdiction depends on the Brussels Convention 1968. Under article 2 of the Convention, a defendant can only be sued in the contracting state where he resides. Looks at the recent case "Navigation Maritime Bulgare v Rustal Trading Ltd", heard in the English courts, which involved an application for an antisuit injunction, and throws some light on the impact on English arbitration proceedings of the Brussels Convention. |
| 590 ## - LOCAL NOTE (RLIN) | |
| Local note | ABS |
| 650 ## - SUBJECT ADDED ENTRY--TOPICAL TERM | |
| Topical term or geographic name entry element | BRUSSELS CONVENTION 1968 |
| 650 ## - SUBJECT ADDED ENTRY--TOPICAL TERM | |
| Topical term or geographic name entry element | INJUNCTIONS |
| 650 ## - SUBJECT ADDED ENTRY--TOPICAL TERM | |
| Topical term or geographic name entry element | MANAGEMENT-DISPUTE AVOIDANCE, MANAGEMENT AND RESOLUTION-DISPUTE MANAGEMENT AND RESOLUTION-ARBITRATION |
| 650 ## - SUBJECT ADDED ENTRY--TOPICAL TERM | |
| Topical term or geographic name entry element | JURISDICTION |
| 650 ## - SUBJECT ADDED ENTRY--TOPICAL TERM | |
| Topical term or geographic name entry element | EUROPE |
| 650 ## - SUBJECT ADDED ENTRY--TOPICAL TERM | |
| Topical term or geographic name entry element | NAVIGATION MARITIME BULGARE V RUSTAL TRADING LTD |
| 690 ## - LOCAL SUBJECT ADDED ENTRY--TOPICAL TERM (OCLC, RLIN) | |
| Topical term or geographic name as entry element | Dispute resolution |
| 9 (RLIN) | 6236 |
| 942 ## - ADDED ENTRY ELEMENTS (KOHA) | |
| Suppress in OPAC | 0 |
| Withdrawn status | Lost status | Source of classification or shelving scheme | Damaged status | Not for loan | Home library | Current library | Shelving location | Date acquired | Total Checkouts | Full call number | Barcode | Date last seen | Copy number | Price effective from | Koha item type |
|---|---|---|---|---|---|---|---|---|---|---|---|---|---|---|---|
| Dewey Decimal Classification | London | London | Journal article | 09/04/2001 | ABS63685 | 111936-1001 | 06/08/2019 | 1 | 06/08/2019 | Journal article |